| 000 | 01218cam a22002655a 4500 | ||
|---|---|---|---|
| 001 | L142011 | ||
| 008 | 080121s2007 xxkao f 001 0 eng d | ||
| 020 | _a9781873394854 | ||
| 035 | _a(Sirsi) u142011 | ||
| 041 | 0 | _aeng | |
| 050 | 0 | 4 | _a721.8 $2 22 |
| 245 | 0 | 0 |
_aWindows _bhistory, repair and conservation |
| 260 |
_aShaftesbury _bDonhead _c2007 |
||
| 300 |
_aix, 470p. _bill. _c26cm. |
||
| 505 | 2 | _aHistory and development -- Policy -- Materials, repair and conservation | |
| 520 | _aExamines the history of the window, including progress in glass technology. Presents an illustrated glossary of window types. Reviews relevant policy and legislation, discussing structural issues, decay mechanisms and current performance standards. Examines how these affect historic windows. Focuses on materials used in window construction, including leaded glazing. Covers techniques for repair and conservation. | ||
| 521 | 2 | _aAdvanced | |
| 590 | _aKA | ||
| 651 | 4 |
_aUnited Kingdom _y |
|
| 690 | _aBUILT ENVIRONMENT-BUILDING ELEMENTS-PARTS OF BUILDING ELEMENTS-OPENINGS-WINDOWS | ||
| 700 | 1 |
_aHirst, Elizabeth _eEditor |
|
| 700 | 1 |
_aPearce, Jill _eManaging Editor |
|
| 700 | 1 |
_aTutton, Michael _eEditor |
|
| 942 | _n0 | ||
| 999 |
_c107825 _d107825 |
||